000 00872naa a22002657a 4500
001 BR6005154
003 BR-BrBNA
005 20240918172906.0
007 ta
008 230509b bl.||||| |||| 00| 0 por d
040 _aBR-BrBNA
_bpor
_cBiblioteca Nacional de Agricultura
041 _a(Pt)
072 _aE15
_b/G514
090 _aE15 BR6005154
100 1 _aMoreau, A.C.
111 1 _a6. Semana do Fazendeiro
_cUrucuca, BA (Brazil)
_d20 Sep 1970
245 1 _aAdministracao rural [Brasil]
260 3 _aUrucuca, BA (Brasil):
_c1970.
500 _a6. Semana do Fazendeiro Urucuca, BA (Brasil): 1970. p. 51-60 (BR6005154-AM)E15
650 _aADMINISTRACAO RURAL
650 _aEMPRESA RURAL
773 0 _t6. Semana do Fazendeiro : Agenda /
_w2110 BR6005147
_gUrucuca, BA (Brasil), 1970.
_q119 p.
909 _a202404
_bLucia
_c55
_dLucia Elande
942 _cAM
_2AGRIS
999 _c301937
_d301937